El Anteproyecto de reforma tributaria integral

Đã lưu trong:
Chi tiết về thư mục
Tác giả của công ty: Costa Rica. Ministerio de Hacienda
Định dạng: Texto
Được phát hành: San José: Ministerio de Hacienda
Các nhãn: Thêm thẻ
Không có thẻ, Là người đầu tiên thẻ bản ghi này!

MARC

LEADER 00000 a a2200000 04500
001 14971
003
040
090 |a 026200  
110 |a Costa Rica. Ministerio de Hacienda  
245 |a El Anteproyecto de reforma tributaria integral  
260 |a San José:   |b Ministerio de Hacienda  
300 |a 13 p.  
999 |c 16308  |d 16308